000 00545nam a2200181Ia 4500
005 20250508163519.0
008 008 250505s9999 xx 000 0 eng d
037 _aTextual
040 _aFEDL
_beng
_cFEDL
041 _aeng
_2eng
084 _a370.19, YUZ
_qFEDL
100 _aYuzo Morita
_9775520
245 0 _aEducation in life - fundamental culture: Growing up nature as teacher
260 _aTokyo, Japan
_bYouth Friendship Association
_c1995
300 _a36p
942 _cTEXL
_h370.19, YUZ
999 _c1383822
_d1383822